Logo BPK

Bibliografia Prac Pracowników

Politechniki Koszalińskiej

Ocena działalności herbicydów na roślinę uprawną i chwasty / (Rekord nr 7483)

Szczegóły MARC
000 -ETYKIETA REKORDU
podpole kontrolne o stałej długości 00717nab a22001937a 4500
003 - IDENTYFIKATOR NUMERU KONTROLNEGO REKORDU
podpole kontrolne BPK
005 - DATA OSTATNIEJ MODYFIKACJI REKORDU
podpole kontrolne 20160307122638.0
008 - POLE O STAŁEJ DŁUGOŚCI - DANE KONTROLNE
podpole kontrolne o stałej długości 160307b1977 pl ||||| |||| 00| ||pol
040 ## - ŹRÓDŁO KATALOGOWANIA
Instytucja, która utworzyła rekord BPK
080 ## - UNIWERSALNA KLASYFIKACJA DZIESIĘTNA - UKD
UKD 632
100 ## - NAZWA OSOBOWA
Nazwa osobowa BERLIŃSKI, Kazimierz.
Lata pracy 1975 - 1996.
Instytucja Wyższa Szkoła Inżynierska w Koszalinie - Instytut Inżynierii Środowiska,
Wydział Zakład Biologii i Chemii Sanitarnej
245 ## - TYTUŁ/ODPOWIEDZIALNOŚĆ
Tytuł Ocena działalności herbicydów na roślinę uprawną i chwasty /
Pozostałe elementy strefy tytułu i oznaczenia odpowiedzialności Kazimierz Berliński, A. Krakowiak.
260 ## - STREFA ADRESU WYDAWNICZEGO
Data publikacji, dystrybucji/powstania dokumentu 1977.
500 ## - UWAGI OGÓLNE
Tekst uwagi Dane z kartoteki bpp.
650 ## - HASŁO PRZEDMIOTOWE W FORMIE NAZWY OGÓLNEJ LUB JEDNOSTKOWEJ
Nazwa ogólna lub geograficzna Herbicydy.
650 ## - HASŁO PRZEDMIOTOWE W FORMIE NAZWY OGÓLNEJ LUB JEDNOSTKOWEJ
Nazwa ogólna lub geograficzna Rośliny uprawne.
773 ## - TYTUŁ DOKUMENTU MACIERZYSTEGO
Wyrażenie wprowadzające W :
Tytuł Biuletyn Instytutu Ochrony Roślin. -
Informacje dotyczące relacji 1977, nr 33
942 ## - HASŁO DODATKOWE - ELEMENTY(KOHA)
Typ dokumentu Artykuł
Schemat klasyfikacji Uniwersalna klasyfikacja dziesiętna

Brak dostępnych egzemplarzy.

© 2014 Biblioteka Politechniki Koszalińskiej :: BIBLIOGRAFIA PRAC PRACOWNIKÓW